000 02081nam a2200325 i 4500
003 DO-SdBNP
005 20250530095817.0
007 ta
008 250425b2024 dr ||||| |||| 00| 0 spa d
020 _a9789945510874
040 _aDO-SdBNP
_bspa
_cBNPHU
_erda
041 _aspa
082 4 _a0
_bC355d
_222
245 0 0 _aDesde el diamante :
_bhistoria de beisbol /
_cselección, presentación y prólogo, Tomás Castro Burdiez ; corrección, María del Carmen Vicente, Apolinar Liz Rodríguez y Modesto Cuesta ; diagramación y cubierta Joselito Rosario.
250 _aPrimera edición
264 4 _aSanto Domingo, República Dominicana :
_bEditora Nacional,
_c©2024.
300 _a160 páginas ;
_c23 cm.
336 _atexto
_btxt
_2rdacontent
337 _asin mediación
_bn
_2rdamedia
338 _avolumen
_bnc
_2rdacarrier
500 _aIncluye datos biográficos del autor en la solapa de la cubierta.
505 _aPresentación --
_tOcúpate de que nos salga bien el tiro /
_rAlexis Gómez Rosa --
_tTigre y cachorro /
_rAquiles Julián --
_tTurno al bate /
_rDaniela Cruz Gil --
_tLos bravos del Norte /
_rDanilo Rodríguez --
_tUna simple pelota del beisbol /
_rEfraím Castillo --
_tLa maravillosa historia de Tres Tutumas /
_rFrank Disla-Ortiz --
_tEl extraño juegos de los hombres azules /
_rJosé Bobadilla --
_tHistoria de una derrota /
_rNan Chevalier --
_tTe la comiste, Vejiga /
_rRafael Peralta Romero --
_tJugada final /
_rRamón Gil --
_tJugando pelota con Chepe /
_rRamón Tejeda Read --
_tEl portentoso juego de Rafelo Vázquez /
_rReynaldo Disla --
_tConceptos de sacrificios /
_rSandra Tavárez --
_tEl día que los hermanos Martínez se enfrentaron /
_rTomás Castro Burdiez --
_tDatos biográficos de los autores --
590 _aInventariado, 2025 /LP
700 1 _aCastro Burdiez, Tomás,
_d1959-
_eselección
_4sel.
_985152
700 1 _aVicente, María del Carmen
_ecorrector
_4corr.
_957201
700 1 _aLiz Rodríguez, Apolinar,
_ecorrector
_4corr.
_984877
700 1 _aCuesta, Modesto,
_ecorrector
_4corr.
_93209
910 _aLP
942 _2ddc
_cLBS1
999 _c58285
_d58285